| 000 | 00523nam a2200217Ia 4500 | ||
|---|---|---|---|
| 003 | OSt | ||
| 005 | 20220924134351.0 | ||
| 006 | a|||||r|||| 00| 0 | ||
| 007 | ta | ||
| 008 | 220923b |||||||| |||| 00| 0 snd d | ||
| 024 | _a273809 | ||
| 037 | _cTextual | ||
| 040 |
_aARTS _cARTS _bsnd |
||
| 041 |
_2snd _asnd |
||
| 082 | _aO1593,3NAB,JH, K2 | ||
| 100 |
_aChandani _9208456 |
||
| 245 | 0 | _aJharna | |
| 260 | _c1962 | ||
| 942 |
_hO1593,3NAB,JH, K2 _cTEXL _2CC |
||
| 999 |
_c437253 _d437253 |
||